|
|
|
|
| LEADER |
01631nam a2200445 i 4500 |
| 001 |
001731177 |
| 003 |
CZ BrMZK |
| 005 |
20200615060523.0 |
| 006 |
m q d |
| 007 |
co cg |
| 008 |
200218s2019 xr abc e p 000 0 cze |
| 020 |
|
|
|a 978-80-7435-734-3
|q (CDR)
|
| 040 |
|
|
|a BOA001
|b cze
|e rda
|
| 072 |
|
7 |
|a 53
|x Fyzika
|2 Konspekt
|9 6
|
| 072 |
|
7 |
|a 37.016
|x Učební osnovy. Vyučovací předměty. Učebnice
|2 Konspekt
|9 22
|
| 080 |
|
|
|a 53
|2 MRF
|
| 080 |
|
|
|a 53-027.22
|2 MRF
|
| 080 |
|
|
|a (075.8)
|2 MRF
|
| 080 |
|
|
|a (0.034.44)
|2 MRF
|
| 100 |
1 |
|
|a Vybíral, Bohumil,
|d 1937-
|7 jk01151105
|4 aut
|
| 245 |
1 |
0 |
|a Technické aplikace fyziky a 24 dalších titulů z fyziky a matematiky /
|c Bohumil Vybíral
|
| 250 |
|
|
|a Vydání: první
|
| 264 |
|
1 |
|a Hradec Králové :
|b Gaudeamus,
|c 2019
|
| 300 |
|
|
|a 1 DVD-ROM :
|b zvuk, barevný ;
|c 12 cm +
|e 1 brožura (36 stran)
|
| 336 |
|
|
|a text
|b txt
|2 rdacontent
|
| 336 |
|
|
|a dvojrozměrný pohyblivý obraz
|b tdi
|2 rdacontent
|
| 337 |
|
|
|a počítač
|b c
|2 rdamedia
|
| 338 |
|
|
|a počítačový disk
|b cd
|2 rdacarrier
|
| 347 |
|
|
|a textový soubor
|b PDF
|b HTML
|2 rda
|
| 347 |
|
|
|a video soubor
|b AVI
|b VOB
|
| 500 |
|
|
|a Název z disku
|
| 504 |
|
|
|a Obsahuje bibliografie a bibliografické odkazy
|
| 650 |
0 |
7 |
|a fyzika
|7 ph114601
|2 czenas
|
| 650 |
0 |
7 |
|a aplikovaná fyzika
|7 ph114071
|2 czenas
|
| 655 |
|
7 |
|a učebnice vysokých škol
|7 fd133772
|2 czenas
|
| 655 |
|
7 |
|a DVD
|7 fd186912
|2 czenas
|
| 910 |
|
|
|a BOA001
|b CDR2-1443.780
|
| 990 |
|
|
|a BK
|
| 991 |
|
|
|b 202006
|c NOV
|
| 996 |
6 |
|
|b 2610814995
|c CDR2-1443.780
|l Stud. periodik/2.patro
|r Sklad / do 1 hodiny
|n 0
|p p.v.
|w 001783004
|u 000010
|a 1
|e BOA001
|j MZK50
|s P
|